| 000 | 01036nam a2200253 i 4500 | ||
|---|---|---|---|
| 001 | 103552 | ||
| 003 | ES-MaACL | ||
| 005 | 20250902211530.0 | ||
| 007 | t| | ||
| 008 | 931025q1884 sp |||| | spa d | ||
| 245 | 0 | 0 | _aCuadros y cuentos. |
| 260 |
_aMadrid : _b[s.n., _c1884?] ( _fImp. de M. Minuesa de los Ríos) |
||
| 300 |
_a93 p. ; _c16 cm. |
||
| 490 | 1 |
_aBiblioteca reformista ; _v2 |
|
| 505 | 8 |
_aContiene: ; _tLa Robla / _rpor José María de Pereda. -- _tEl primer beso / _rpor Paul de Kock. -- _tLorenzo / _rpor R. Torromé. -- _tEl alma de una nación / _rpor Aureliano Gil. -- _tLos dos buitres / _rpor W.G. -- _tLucía Miranda / _rpor Antonio Aguayo |
|
| 700 | 1 |
_aPereda, José María de, _d1833-1906 _990447 |
|
| 700 | 1 |
_aKock, Paul de ( _d1793-1871) _9152765 |
|
| 700 | 1 |
_aTorromé, Rafael, _d1861-1924 _9111060 |
|
| 700 | 1 |
_aGil, Aureliano. _956718 |
|
| 700 | 1 |
_aAguayo, Antonio. _918635 |
|
| 830 | 0 |
_aBiblioteca reformista ; _v2 _9184775 |
|
| 852 |
_aES-MaACL _jT-482-F-4 |
||
| 999 |
_c103552 _d103552 |
||